[Event "Hessen-ch Seniors op 12th"]
[Site "Bad Sooden-Allendorf"]
[Date "2016.05.08"]
[Round "9"]
[White "Micheel, Peter"]
[Black "Uebing, Burkhart"]
[Result "1/2-1/2"]
[WhiteElo "1868"]
[BlackElo "1729"]
[PlyCount "36"]
[EventDate "2016.04.30"]
[EventType "swiss"]
[EventRounds "9"]
[EventCountry "GER"]
[SourceTitle "EXT 2019"]
[Source "ChessBase"]
[SourceDate "2018.10.10"]
[SourceVersion "1"]
[SourceVersionDate "2018.10.10"]
[SourceQuality "1"]

1. e4 e5 2. Nf3 Nf6 3. Nxe5 d6 4. Nf3 Nxe4 5. Nc3 Nxc3 6. dxc3 Be7 7. Be3 Nc6 8. Qd2 Bf5 9. h3 h5 10. g3 Qd7 11. Bg2 Be4 12. 0-0-0 Qe6 13. Kb1 0-0-0 14. Ne1 Bxg2 15. Nxg2 Qe4 16. Nf4 Bg5 17. Qd3 Rde8 18. Qd5 Bxf4 1/2-1/2

[Event "Hessen-ch Seniors op 12th"]
[Site "Bad Sooden-Allendorf"]
[Date "2016.05.08"]
[Round "8"]
[White "Uebing, Burkhart"]
[Black "Liphardt, Bodo"]
[Result "1/2-1/2"]
[WhiteElo "1729"]
[BlackElo "1855"]
[PlyCount "72"]
[EventDate "2016.04.30"]
[EventType "swiss"]
[EventRounds "9"]
[EventCountry "GER"]
[SourceTitle "EXT 2019"]
[Source "ChessBase"]
[SourceDate "2018.10.10"]
[SourceVersion "1"]
[SourceVersionDate "2018.10.10"]
[SourceQuality "1"]

1. f4 Nf6 2. Nf3 g6 3. d3 d5 4. c3 Bg7 5. Qc2 0-0 6. e4 c5 7. Be3 b6 8. Be2 Ng4 9. Bg1 Nc6 10. h3 Nf6 11. Nbd2 Ba6 12. g4 dxe4 13. dxe4 Bxe2 14. Kxe2 Ne8 15. Rd1 Qc7 16. Bh2 f5 17. gxf5 gxf5 18. e5 Bh6 19. Rhg1+ Ng7 20. h4 Kh8 21. Rg2 Rad8 22. Ng5 Qc8 23. Ndf3 Qa6+ 24. Ke3 Rxd1 25. Qxd1 Bxg5 26. Nxg5 h6 27. Qd5 hxg5 28. Qxc6 Rd8 29. Qh6+ Kg8 30. Rd2 Rxd2 31. Kxd2 Qf1 32. hxg5 Qg2+ 33. Kc1 Qf1+ 34. Kc2 Qe2+ 35. Kc1 Qe1+ 36. Kc2 Qe2+ 1/2-1/2

[Event "Hessen-ch Seniors op 12th"]
[Site "Bad Sooden-Allendorf"]
[Date "2016.05.04"]
[Round "5"]
[White "Hondema, Evert C"]
[Black "Uebing, Burkhart"]
[Result "1-0"]
[WhiteElo "1907"]
[BlackElo "1729"]
[PlyCount "57"]
[EventDate "2016.04.30"]
[EventType "swiss"]
[EventRounds "9"]
[EventCountry "GER"]
[SourceTitle "EXT 2019"]
[Source "ChessBase"]
[SourceDate "2018.10.10"]
[SourceVersion "1"]
[SourceVersionDate "2018.10.10"]
[SourceQuality "1"]

1. d4 Nf6 2. Bf4 d5 3. e3 Bf5 4. Bd3 Bxd3 5. Qxd3 e6 6. Nc3 a6 7. Nf3 Bd6 8. Bg3 Bxg3 9. hxg3 Nbd7 10. g4 g6 11. g5 Ng8 12. 0-0-0 f5 13. Ne2 Qe7 14. Nf4 Qf7 15. Kb1 Ne7 16. c4 Nc6 17. cxd5 exd5 18. Qb3 Nb6 19. Rc1 Rd8 20. Rxc6 bxc6 21. Ne5 Qg8 22. Nxc6 Nc4 23. Qa4 Kf7 24. Nxd8+ Qxd8 25. Qxa6 Nb6 26. Rc1 Qd6 27. Qb7 Rc8 28. Rc6 Qd7 29. Rxb6 1-0

[Event "Ruhrgebiet VK2 0910"]
[Site "Ruhrgebiet"]
[Date "2010.02.21"]
[Round "7.8"]
[White "Uebing, Burkhart"]
[Black "Langer, Raimund"]
[Result "1-0"]
[WhiteElo "1696"]
[BlackElo "1799"]
[PlyCount "101"]
[EventDate "2009.09.06"]
[EventType "team"]
[EventRounds "9"]
[EventCountry "GER"]
[SourceTitle "EXT 2011"]
[Source "ChessBase"]
[SourceDate "2010.11.26"]
[SourceVersion "1"]
[SourceVersionDate "2010.11.26"]
[SourceQuality "1"]
[WhiteTeam "Buer"]
[BlackTeam "Kirchhellen SF"]
[WhiteTeamCountry "GER"]
[BlackTeamCountry "GER"]

1. d4 Nf6 2. c4 e5 3. dxe5 Ng4 4. Nf3 Bc5 5. e3 Nc6 6. Be2 Ngxe5 7. a3 a5 8. Nc3 Nxf3+ 9. Bxf3 Ne5 10. Ne4 Be7 11. Be2 0-0 12. 0-0 d6 13. f4 Nc6 14. Bd2 f5 15. Nc3 Bf6 16. Qc1 Ne7 17. Bf3 c6 18. e4 Bd4+ 19. Kh1 fxe4 20. Bxe4 Nf5 21. Ne2 Bc5 22. b4 axb4 23. axb4 Rxa1 24. Qxa1 Bb6 25. Qc3 Qe7 26. Bxf5 Bxf5 27. Ng3 Qf6 28. Nxf5 Qxc3 29. Ne7+ Kf7 30. Bxc3 Kxe7 31. Bxg7 Ra8 32. Ra1 Rxa1+ 33. Bxa1 Be3 34. g3 Bd2 35. b5 cxb5 36. cxb5 Ke6 37. Kg2 d5 38. Kf3 h5 39. h3 Bb4 40. Bd4 Bd6 41. g4 hxg4+ 42. hxg4 Be7 43. f5+ Kf7 44. Kf4 Bd6+ 45. Kg5 Bb4 46. Kh5 Bd2 47. g5 Bf4 48. g6+ Kg8 49. f6 Bd2 50. Kg4 Bh6 51. Kf5 1-0